[Event "Reykjavik Open 2015"]
[Site "Reykjavik ISL"]
[Date "2015.03.17"]
[Round "9.102"]
[White "Nordquelle, Daniel"]
[Black "Gaarder, Hans K."]
[Result "0-1"]
[WhiteElo "1874"]
[BlackElo "1701"]
[WhiteFideId "1519042"]
[BlackFideId "1510479"]
[EventDate "2015.03.10"]

1. e4 e6 2. d4 d5 3. Nc3 Bb4 4. e5 c5 5. Qg4 Ne7 6. Bd2 cxd4 7. Qxd4 Nbc6 8. Qg4
O-O 9. Nf3 Ng6 10. Qg3 d4 11. Ne4 Bxd2+ 12. Nexd2 Qa5 13. O-O-O Qxa2 14. Bd3
Qa1+ 15. Nb1 Qa5 16. Rhe1 Nb4 17. Bc4 b5 18. Bb3 d3 19. cxd3 Bb7 20. Na3 Rac8+
21. Kb1 Rfd8 22. d4 Bd5 23. Ng5 Bxb3 24. Qxb3 Nd5 25. Ne4 Qa4 26. Qxa4 bxa4 27.
Nc5 Nb6 28. Nb5 a5 29. Nb7 Rd5 30. Nc3 Rxc3 31. bxc3 Rb5+ 32. Ka2 Nd5 33. Nd6
Nxc3+ 34. Ka1 Rb3 35. Rc1 Ne7 36. Ne4 Ra3+ 37. Kb2 Rb3+ 38. Ka1 Ra3+ 39. Kb2
Rb3+ 40. Kc2 Nxe4 41. Rxe4 Nd5 42. Kd2 g5 43. Rg4 h6 44. h4 f5 45. exf6 Nxf6 46.
Rg3 Ne4+ 47. Ke2 Nxg3+ 48. fxg3 Rxg3 49. hxg5 Rxg2+ 50. Kf3 Rxg5 51. Ra1 Kf7 52.
Rxa4 Rd5 53. Ke4 h5 54. Ra3 Kg6 55. Rg3+ Rg5 56. Rh3 a4 57. Ra3 Ra5 58. Kf4 Kf6
59. Ke4 Kg5 60. Rg3+ Kh6 61. Ra3 h4 62. Kf3 Kg5 63. Ke4 Kg4 64. Ke3 h3 65. Kf2
Kh4 66. Kg1 Kg4 67. Kh2 Kf4 68. Kxh3 Ke4 69. Kg3 Kxd4 70. Kf3 Kc4 71. Ke4 Kb4
72. Ra1 a3 73. Kd3 a2 74. Kc2 Ka3 75. Re1 Rc5+ 76. Kd3 e5 77. Rg1 Rb5 78. Kc4
Rb1 79. Rg3+ Ka4 80. Rg7 Rb4+ 81. Kc5 Ka3 82. Rg1 Rd4 83. Rh1 Rd2 0-1

[Event "Reykjavik Open 2015"]
[Site "Reykjavik ISL"]
[Date "2015.03.17"]
[Round "9.103"]
[White "Holm, Fridgeir K"]
[Black "Meier, Gerd"]
[Result "0-1"]
[WhiteElo "1700"]
[BlackElo "1868"]
[WhiteFideId "2307324"]
[BlackFideId "4682971"]
[EventDate "2015.03.10"]

1. e4 c5 2. Nf3 d6 3. d4 cxd4 4. Nxd4 Nf6 5. Nc3 a6 6. Bg5 e6 7. f4 Nbd7 8. Qf3
Qc7 9. O-O-O b5 10. Bxf6 Nxf6 11. e5 Bb7 12. exd6 Bxd6 13. Ndxb5 axb5 14. Nxb5
Bxf4+ 15. Kb1 Bxf3 16. Nxc7+ Bxc7 17. gxf3 Ke7 18. Bd3 Rhb8 19. h3 Be5 20. b3
Nd5 21. Be4 Nc3+ 22. Kc1 Nxa2+ 23. Kd2 Rd8+ 0-1

[Event "Reykjavik Open 2015"]
[Site "Reykjavik ISL"]
[Date "2015.03.17"]
[Round "9.104"]
[White "Lee, Gudmundur Kristinn"]
[Black "Johansen, Lars"]
[Result "1/2-1/2"]
[WhiteElo "1676"]
[BlackElo "1855"]
[WhiteFideId "2303361"]
[BlackFideId "1506455"]
[EventDate "2015.03.10"]

1. e4 c6 2. d4 d5 3. f3 Qb6 4. Nc3 Nf6 5. e5 Nfd7 6. f4 e6 7. Nf3 c5 8. Na4 Qa5+
9. c3 cxd4 10. Nxd4 Nc6 11. Nxc6 bxc6 12. b4 Qc7 13. Be3 Be7 14. Bd3 a5 15. b5
cxb5 16. Bxb5 O-O 17. O-O Ba6 18. Bxd7 Bxf1 19. Qxf1 Qxd7 20. Nb6 Qa7 21. Qf2
Qb7 22. Nxa8 Rxa8 23. Rf1 Qc7 24. Bd4 Rb8 25. f5 Ba3 26. fxe6 fxe6 27. Qe2 Qc6
28. h3 a4 29. Kh2 Rb2 30. Qg4 Rxa2 31. Rf6 Be7 32. Rxe6 Qd7 33. Be3 Rb2 34. Bh6
Bf8 35. Be3 a3 36. Ra6 Qxg4 37. hxg4 Rb8 38. Ra7 Re8 39. Bd4 Be7 40. Kg3 g5 41.
Kf3 Rf8+ 42. Ke2 Re8 43. Kd3 Kf8 44. e6 Rc8 45. Ke3 Ke8 46. Kd3 1/2-1/2

[Event "Reykjavik Open 2015"]
[Site "Reykjavik ISL"]
[Date "2015.03.17"]
[Round "9.105"]
[White "Marshall, Michael"]
[Black "Bogut, Maksymilian"]
[Result "1/2-1/2"]
[WhiteElo "1844"]
[BlackElo "1697"]
[WhiteFideId "1409956"]
[BlackFideId "1185810"]
[EventDate "2015.03.10"]

1. d4 d5 2. Nf3 Nc6 3. e3 Nf6 4. c4 e6 5. Nc3 Be7 6. Bd3 O-O 7. O-O a6 8. b3
dxc4 9. bxc4 Nb4 10. Be2 c5 11. Qb3 cxd4 12. exd4 Qc7 13. h3 Bd7 14. Be3 Rac8
15. Rac1 Nc6 16. Nd2 e5 17. d5 Nd4 18. Bxd4 exd4 19. Nce4 Qf4 20. Qf3 Qe5 21.
Bd3 Nxe4 22. Qxe4 Qxe4 23. Nxe4 f5 24. Ng3 b5 25. cxb5 f4 26. Rxc8 Rxc8 27. Ne2
f3 28. Nxd4 fxg2 29. Kxg2 axb5 30. Bxb5 Bxb5 31. Nxb5 Rc5 32. d6 Rxb5 33. dxe7
Re5 34. a4 Rxe7 35. a5 Ra7 36. Ra1 Ra6 37. f4 Kf7 38. Kf3 Kf6 39. Ke4 Ke6 40. h4
g6 41. Ra4 Kf6 42. Kd5 Kf5 43. Kc4 Kg4 44. Kb5 Ra8 45. a6 Kxh4 46. f5+ Kg5 47.
fxg6 hxg6 48. a7 Kf5 49. Kb6 g5 50. Kb7 Rxa7+ 51. Rxa7 g4 52. Kb6 g3 53. Kc5 g2
54. Ra1 Ke4 55. Kc4 Ke3 56. Rg1 Kf2 57. Rxg2+ Kxg2 1/2-1/2

[Event "Reykjavik Open 2015"]
[Site "Reykjavik ISL"]
[Date "2015.03.17"]
[Round "9.106"]
[White "Davidsdottir, Nansy"]
[Black "Haraldsson, Sigurjon"]
[Result "1/2-1/2"]
[WhiteElo "1641"]
[BlackElo "1833"]
[WhiteFideId "2309491"]
[BlackFideId "2303655"]
[EventDate "2015.03.10"]

1. e4 c5 2. c3 e6 3. d4 d5 4. e5 Qb6 5. Nf3 Nc6 6. Be2 cxd4 7. cxd4 Nh6 8. Nc3
Nf5 9. Bb5 Bb4 10. Qa4 Bd7 11. a3 Be7 12. Be3 O-O 13. O-O f6 14. Bxc6 Bxc6 15.
Qc2 fxe5 16. Nxe5 Bf6 17. Nxc6 bxc6 18. Na4 Qc7 19. Rfd1 Rac8 20. Rac1 Nxe3 21.
fxe3 e5 22. Nc5 Qe7 23. Qd3 Bg5 24. Rc2 Rf7 25. Re2 Rcf8 26. Nb3 Qf6 27. Nd2
exd4 28. Qxd4 Qg6 29. b4 Bd8 30. Nf1 Bb6 31. Qd2 h5 32. a4 d4 33. exd4 Rd8 34.
Qc3 Rfd7 35. Qc4+ Kh7 36. Red2 Rxd4 37. Rxd4 Rxd4 38. Rxd4 Qe4 39. Ng3 Bxd4+ 40.
Kh1 Qe3 41. Qc2+ g6 42. Qd1 h4 43. Ne2 Be5 44. Qd7+ Kh6 45. Qg4 Qf2 46. Ng1 Bd4
47. Qd1 Qb2 48. Nf3 Bf2 49. b5 cxb5 50. axb5 Qc3 51. Qd2+ Qxd2 52. Nxd2 g5 53.
Ne4 Bd4 54. h3 Kg6 55. g4 hxg3 56. Nxg3 Kf7 57. Kg2 Ke6 58. Kf3 Kd5 59. Ne4 Kc4
60. Nxg5 Kxb5 61. Ke2 Kb4 62. Ne4 a5 63. Kd3 Be5 64. Kc2 a4 65. Kb1 Bd4 66. Ka2 1/2-1/2

[Event "Reykjavik Open 2015"]
[Site "Reykjavik ISL"]
[Date "2015.03.17"]
[Round "9.107"]
[White "Jonasson, Hordur"]
[Black "Borg, Flemming"]
[Result "0-1"]
[WhiteElo "1562"]
[BlackElo "1828"]
[WhiteFideId "2311224"]
[BlackFideId "1505823"]
[EventDate "2015.03.10"]

1. d4 d6 2. e4 Nd7 3. Nf3 Ngf6 4. Nc3 e5 5. Be2 Be7 6. O-O c6 7. Be3 b5 8. a3
O-O 9. dxe5 dxe5 10. b4 a5 11. Na2 Nxe4 12. Bd3 Nef6 13. Bf5 Qc7 14. Bd2 g6 15.
Bh3 Ne4 16. Bh6 Re8 17. Qe2 f5 18. Nd2 Nxd2 19. Qxd2 Nf6 20. f3 Be6 21. c3 axb4
22. Nxb4 Bc4 23. Rfe1 e4 24. Bf4 Qb7 25. Nc2 c5 26. Qf2 Bd3 27. Ne3 c4 28. g4
exf3 29. gxf5 Bc5 30. Kh1 Nh5 31. Bh6 gxf5 32. Rg1+ Kh8 33. Rae1 f4 34. Qh4 f2+
35. Bg2 fxg1=Q+ 36. Rxg1 f3 37. Qxh5 fxg2+ 38. Rxg2 Bxe3 39. Bg7+ Kg8 40. Bh6+
Bg6 0-1

[Event "Reykjavik Open 2015"]
[Site "Reykjavik ISL"]
[Date "2015.03.17"]
[Round "9.108"]
[White "Johansen, Arnt-Ole"]
[Black "Edvardsen, Oystein"]
[Result "1-0"]
[WhiteElo "1819"]
[BlackElo "1662"]
[WhiteFideId "1516728"]
[BlackFideId "1508776"]
[EventDate "2015.03.10"]

1. c4 f5 2. g3 Nf6 3. Bg2 g6 4. Nc3 Bg7 5. d3 O-O 6. e4 d6 7. Nge2 e5 8. O-O h6
9. exf5 gxf5 10. f4 c6 11. Kh1 Nbd7 12. b3 Qe8 13. Ba3 c5 14. Qd2 e4 15. dxe4
Nxe4 16. Nxe4 fxe4 17. Rad1 Nf6 18. Bb2 e3 19. Qxd6 Ng4 20. Bd5+ Kh7 21. Bxg7
Qh5 22. h4 Kxg7 23. Qe7+ Rf7 24. Bxf7 Qxf7 25. Qxc5 Nf2+ 26. Rxf2 exf2 27. Qxf2
Bg4 28. Re1 Rd8 29. Nc3 Rd3 30. Re3 Qd7 31. Nd5 Rd1+ 32. Kh2 Qc6 33. Qb2+ 1-0

[Event "Reykjavik Open 2015"]
[Site "Reykjavik ISL"]
[Date "2015.03.17"]
[Round "9.109"]
[White "Nicholson, John"]
[Black "Sigurdarson, Alec Elias"]
[Result "1-0"]
[WhiteElo "1808"]
[BlackElo "1348"]
[WhiteFideId "2501724"]
[BlackFideId "2311003"]
[EventDate "2015.03.10"]

1. e4 e5 2. Nf3 Nc6 3. Bb5 a6 4. Ba4 Nf6 5. d3 b5 6. Bb3 Bc5 7. c3 O-O 8. O-O d6
9. Bg5 Be6 10. Bc2 h6 11. Bh4 Bg4 12. Nbd2 Bb6 13. h3 Bh5 14. g4 Bg6 15. Kh2 h5
16. Rg1 hxg4 17. hxg4 Qd7 18. Ng5 Nd8 19. d4 exd4 20. e5 Bxc2 21. Qxc2 dxe5 22.
Nde4 Nxe4 23. Qxe4 f5 24. Qxa8 Ne6 25. Qf3 Nxg5 26. Bxg5 fxg4 27. Qxg4 Rxf2+ 28.
Kg3 Qxg4+ 29. Kxg4 d3 30. Rge1 Rxb2 31. Rxe5 Rc2 32. Kf5 Kh7 33. Rh1+ Kg8 1-0

[Event "Reykjavik Open 2015"]
[Site "Reykjavik ISL"]
[Date "2015.03.17"]
[Round "9.110"]
[White "Roser, Ludwig"]
[Black "Fjallheim, Leif Reinert"]
[Result "1-0"]
[WhiteElo "1802"]
[BlackElo "1525"]
[WhiteFideId "12928119"]
[BlackFideId "7201788"]
[EventDate "2015.03.10"]

1. d4 Nf6 2. c4 g6 3. Nc3 Bg7 4. e4 d6 5. f3 O-O 6. Be3 Nc6 7. Qd2 e6 8. Nge2
Ne7 9. Bh6 d5 10. e5 Nh5 11. g4 Bxh6 12. Qxh6 Ng7 13. O-O-O dxc4 14. Ne4 Nd5 15.
N2c3 f6 16. Nxd5 exd5 17. Nxf6+ Rxf6 18. exf6 Qxf6 19. Bg2 Qa6 20. Kb1 c3 21.
Qc1 Qe2 22. Qc2 Qxc2+ 23. Kxc2 cxb2 24. Kxb2 Ne6 25. Rhe1 Nf4 26. Bf1 b5 27.
Re8+ Kf7 28. Rde1 Kf6 29. h4 g5 30. h5 b4 31. Rf8+ Kg7 32. Ree8 Bxg4 33. Rxa8
Bxf3 34. Rxf4 gxf4 35. Rxa7 Bxh5 36. Rxc7+ Bf7 37. Kb3 Kf6 38. Kxb4 h5 39. Rxf7+
Kxf7 40. Be2 h4 41. Bf3 Ke6 42. Kc5 h3 43. a4 h2 44. a5 Kf5 45. Kxd5 Kg5 46. Ke4
Kh4 47. Kxf4 Kh3 48. a6 Kh4 49. a7 h1=N 50. a8=Q Ng3 51. Qh8+ Nh5+ 52. Qxh5# 1-0

[Event "Reykjavik Open 2015"]
[Site "Reykjavik ISL"]
[Date "2015.03.17"]
[Round "9.115"]
[White "Steinthorsson, Felix"]
[Black "Lurdalen, Svein Erik"]
[Result "0-1"]
[WhiteElo "1634"]
[BlackElo "1824"]
[WhiteFideId "2310040"]
[BlackFideId "1519476"]
[EventDate "2015.03.10"]

1. d4 f5 2. Bg5 g6 3. c4 Bg7 4. Nc3 d6 5. Nf3 c6 6. h4 h6 7. Bf4 Nf6 8. e3 Be6
9. Qb3 Qb6 10. Qxb6 axb6 11. a4 Nbd7 12. b3 O-O 13. Bd3 Nh5 14. Bh2 Nc5 15. Bc2
Na6 16. Kd2 Nb4 17. Ne1 Bf7 18. Nd3 Nxd3 19. Bxd3 e5 20. dxe5 dxe5 21. e4 f4 22.
Kc2 Rfd8 23. Rad1 Bf8 24. Be2 Ng7 25. Bg4 g5 26. hxg5 hxg5 27. f3 Bc5 28. Bg1
Rxd1 29. Kxd1 Rd8+ 30. Kc2 Be6 31. Bxc5 bxc5 32. Bh3 Bxh3 33. gxh3 Ne6 34. Ne2
Kf7 35. Rg1 Rh8 36. Rh1 Kf6 37. Ng1 Nd4+ 38. Kc3 b6 39. Rh2 Rh7 40. Rh1 Kg6 41.
Rh2 Rb7 42. Rg2 Kf6 43. Ra2 Ra7 44. Rb2 Kg6 45. Rg2 Rh7 46. Rh2 Rh4 47. Rh1 Rh8
48. Rh2 Kg7 49. Rh1 Rb8 50. Rh2 b5 51. cxb5 cxb5 52. axb5 Rxb5 53. Kc4 Rxb3 54.
Kxc5 Rb1 55. Rg2 Kf6 56. Kd5 Rd1 57. Kc4 Rf1 58. Rg4 Nc2 59. Kd3 Ne3 60. Ke2 Ra1
61. Kf2 Ra2+ 62. Ne2 Nxg4+ 63. hxg4 Ke6 64. Kf1 Kd6 65. Nc3 Rd2 66. Ne2 Kc5 67.
Ke1 Rb2 0-1

[Event "Reykjavik Open 2015"]
[Site "Reykjavik ISL"]
[Date "2015.03.17"]
[Round "9.116"]
[White "Stuhr, Finn"]
[Black "Klofsrud, August"]
[Result "1-0"]
[WhiteElo "1823"]
[BlackElo "1571"]
[WhiteFideId "1400789"]
[BlackFideId "1518232"]
[EventDate "2015.03.10"]

1. e4 e6 2. d4 d5 3. e5 c5 4. c3 Nc6 5. f4 Nge7 6. Nf3 Nf5 7. g4 Nfe7 8. Bd3
cxd4 9. cxd4 Bd7 10. O-O h5 11. f5 hxg4 12. fxe6 Bxe6 13. Ng5 Qd7 14. Be3 O-O-O
15. Nxf7 Bxf7 16. Rxf7 Qe8 17. Qxg4+ Kb8 18. Bf4 Ka8 19. e6 Rc8 20. Be3 Nb4 21.
Qe2 Nec6 22. Bf5 Bd6 23. a3 Nxd4 24. Qf1 Bxh2+ 25. Kg2 Nxf5 26. Qxf5 Qa4 27. Bd2
Nc6 28. Nc3 Qa6 29. Rh1 Bd6 30. Rxh8 Rxh8 31. Qxd5 Rh2+ 32. Kg1 Bb8 33. Bf4 Bxf4
34. Rxf4 Rh8 35. Qc5 Qb6 36. Qxb6 axb6 37. Rf7 Re8 38. Nd5 Kb8 39. e7 Ka7 40.
Rxg7 Kb8 41. Rf7 Ka7 42. Kf2 Kb8 43. Rf8 Nxe7 44. Rxe8+ 1-0

[Event "Reykjavik Open 2015"]
[Site "Reykjavik ISL"]
[Date "2015.03.17"]
[Round "9.117"]
[White "Kruglyak, Mikhail"]
[Black "Ragnarsson, Heimir Pall"]
[Result "0-1"]
[WhiteElo "1775"]
[BlackElo "1497"]
[WhiteFideId "2082896"]
[BlackFideId "2308860"]
[EventDate "2015.03.10"]

1. d4 Nf6 2. Nf3 g6 3. b3 Bg7 4. Bb2 O-O 5. c4 d6 6. d5 Bf5 7. Nh4 Bd7 8. g3 Na6
9. a3 Nc5 10. Bg2 Qc8 11. Nc3 Nfe4 12. Bxe4 Nxe4 13. Qd3 Bf5 14. Nxf5 Qxf5 15.
Nxe4 Bxb2 16. Ra2 Bg7 17. O-O Rfe8 18. c5 e6 19. cxd6 exd5 20. Nc5 Qxd3 21. exd3
cxd6 22. Nxb7 Rab8 23. Na5 Rec8 24. f4 Bd4+ 25. Kg2 Bb6 26. b4 Bxa5 27. bxa5 Rc3
28. Rf3 Rbb3 29. a4 Rxd3 30. Rxd3 Rxd3 31. Kf2 d4 32. Ke2 Re3+ 33. Kd2 Rf3 34.
Ke2 Rb3 35. Rd2 Rb4 36. Ra2 Kf8 37. Kd3 Ke7 38. a6 Rb6 39. Kxd4 Rxa6 40. Kd5 Kd7
41. a5 Rc6 42. a6 Rc5+ 43. Kd4 Kc6 44. Re2 Kb6 45. Re7 Rc7 46. Rxc7 Kxc7 47. Kd5
Kd7 48. h3 h5 49. g4 h4 50. f5 gxf5 51. gxf5 f6 52. Ke4 Kc6 53. Kf4 d5 54. Kg4
d4 0-1

[Event "Reykjavik Open 2015"]
[Site "Reykjavik ISL"]
[Date "2015.03.17"]
[Round "9.118"]
[White "Halldorsson, Haukur"]
[Black "Ontiveros, John"]
[Result "1/2-1/2"]
[WhiteElo "1575"]
[BlackElo "1774"]
[WhiteFideId "2305089"]
[BlackFideId "2303981"]
[EventDate "2015.03.10"]

1. e4 d5 2. exd5 Qxd5 3. Nf3 Nf6 4. Be2 Bg4 5. O-O e6 6. Nc3 Qa5 7. d3 Bd6 8.
Bd2 Qh5 9. g3 Nc6 10. Ne4 Nxe4 11. dxe4 Ne5 12. Nd4 Bxe2 13. Nxe2 O-O-O 14. Nd4
Qg6 15. Qe2 Bc5 16. Nb3 Bb6 17. Ba5 Bxa5 18. Nxa5 Rd4 19. f3 Rb4 20. Nb3 h5 21.
c3 Rb6 22. Rad1 Qf6 23. f4 Ng4 24. h3 Nh6 25. Qxh5 g6 26. Qe2 g5 27. Nc5 Qe7 28.
b4 Rd8 29. Rxd8+ Qxd8 30. Rd1 Rd6 31. Rxd6 cxd6 32. Nd3 gxf4 33. Nxf4 Qg5 34.
Kh2 Qe5 35. Qd2 f5 36. Ng6 Qxe4 1/2-1/2

[Event "Reykjavik Open 2015"]
[Site "Reykjavik ISL"]
[Date "2015.03.17"]
[Round "9.119"]
[White "Magnusdottir, Veronika Steinunn"]
[Black "Rist, Karl-Johan"]
[Result "1-0"]
[WhiteElo "1571"]
[BlackElo "1677"]
[WhiteFideId "2309114"]
[BlackFideId "1506900"]
[EventDate "2015.03.10"]

1. e4 e6 2. d4 d5 3. Nd2 Nf6 4. e5 Nfd7 5. Bd3 c5 6. c3 Nc6 7. Ndf3 c4 8. Bc2 f5
9. exf6 Nxf6 10. Ne2 Be7 11. O-O O-O 12. Nf4 Bd6 13. Ng5 Bxf4 14. Bxf4 h6 15.
Nf3 Ne4 16. Bc1 Nf6 17. Re1 Qc7 18. Ne5 Ne7 19. Qf3 Ne4 20. Qg4 Nf6 21. Qg3 Nf5
22. Bxf5 exf5 23. f3 g5 24. f4 Ne4 25. Qh3 Qg7 26. Re2 Qh7 27. Qh5 g4 28. Ng6
Rf6 29. Ne5 Be6 30. Qh4 Raf8 31. Re3 Bd7 32. b3 b5 33. Ba3 Nd6 34. Rae1 Ne4 35.
Bxf8 Rxf8 36. Nxd7 Qxd7 37. Qxh6 Qg7 38. Qxg7+ Kxg7 39. bxc4 bxc4 40. Rb1 Ra8
41. Rb5 Rd8 42. Kf1 Rd7 43. a4 Kf6 44. Ke2 Re7 45. Ke1 Nxc3 46. Rxe7 Nxb5 47.
Re5 Nc7 48. Kd2 a5 49. Kc3 Ne6 50. g3 Nc7 51. Kd2 Kg6 52. Re7 Na8 53. Kc3 1-0

[Event "Reykjavik Open 2015"]
[Site "Reykjavik ISL"]
[Date "2015.03.17"]
[Round "9.120"]
[White "Van Zyl-Rudd, Jack"]
[Black "Kravchuk, Mykhaylo"]
[Result "1-0"]
[WhiteElo "1648"]
[BlackElo "1475"]
[WhiteFideId "14309017"]
[BlackFideId "2310007"]
[EventDate "2015.03.10"]

1. d4 d5 2. c4 e6 3. Nc3 Nf6 4. cxd5 exd5 5. Bg5 Be6 6. e3 Be7 7. Bd3 O-O 8. Nf3
h6 9. Bh4 Nc6 10. O-O Nh7 11. Bxe7 Qxe7 12. Rc1 Rad8 13. a3 a6 14. Na4 Bg4 15.
Bxh7+ Kxh7 16. Nc5 Rb8 17. b4 a5 18. b5 Nd8 19. Qc2+ g6 20. Ne5 Bf5 21. Qc3 f6
22. Ned3 Rf7 23. Nf4 Qd6 24. Qxa5 b6 25. Qa7 Rc8 26. Nb7 Nxb7 27. Qxb7 Rd8 28.
Rc6 Qd7 29. Rfc1 Rc8 30. R6c3 1-0

[Event "Reykjavik Open 2015"]
[Site "Reykjavik ISL"]
[Date "2015.03.17"]
[Round "9.121"]
[White "Luu, Robert"]
[Black "Palmeri, Ralph P"]
[Result "1/2-1/2"]
[WhiteElo "1362"]
[BlackElo "1642"]
[WhiteFideId "2311798"]
[BlackFideId "2057417"]
[EventDate "2015.03.10"]

1. d4 c5 2. Nf3 e6 3. e3 Nf6 4. Bd3 d5 5. b3 Nc6 6. Bb2 Be7 7. Nbd2 O-O 8. O-O
b6 9. Ne5 Nxe5 10. dxe5 Nd7 11. f4 g6 12. Rf3 Qc7 13. Rh3 f6 14. exf6 Bxf6 15.
Bxf6 Nxf6 16. Rg3 Qf7 17. Qe2 Kh8 18. Rf3 Bd7 19. Raf1 Qg7 20. h3 Rf7 21. Kh2
Raf8 22. a4 Ne8 23. Kh1 Bc6 24. Bb5 Bb7 25. R3f2 Nd6 26. Bd3 Nf5 27. Bxf5 exf5
28. Nf3 Re7 29. Qd2 Rd8 30. Rd1 Red7 31. Ne5 Rd6 32. c3 Qe7 33. Qc2 d4 34. cxd4
cxd4 35. exd4 Rxd4 36. Rxd4 Rxd4 37. Qc3 Qc5 38. Qxc5 bxc5 39. Rc2 Rxf4 40. Rxc5
Rb4 41. Rb5 Rxb5 42. axb5 Kg7 43. Nc6 a6 44. Nd8 Bc8 45. b6 Kf6 46. b7 Bxb7 47.
Nxb7 Ke5 48. Nc5 a5 49. Nb7 Kd4 50. Nxa5 Kc3 51. Kg1 Kb4 52. Nc6+ Kxb3 53. Kf2
Kc4 54. Kf3 Kd5 55. Nb4+ Ke5 56. Nd3+ Kd4 57. Nb4 g5 58. Na6 h5 59. Nc7 Ke5 60.
Ne8 g4+ 61. hxg4 fxg4+ 62. Kg3 Kf5 63. Ng7+ Kg5 64. Ne6+ Kf5 65. Nd4+ Kg5 66.
Ne2 h4+ 67. Kh2 Kf5 68. Nd4+ Ke4 69. Nc6 Kf4 70. Ne7 Kg5 71. Nc8 Kf4 72. Na7 Kg5
73. Nb5 Kf4 1/2-1/2

[Event "Reykjavik Open 2015"]
[Site "Reykjavik ISL"]
[Date "2015.03.17"]
[Round "9.122"]
[White "Mai, Aron Thor"]
[Black "Ugland, Torge"]
[Result "1-0"]
[WhiteElo "1320"]
[BlackElo "1636"]
[WhiteFideId "2313383"]
[BlackFideId "1508873"]
[EventDate "2015.03.10"]

1. e4 e5 2. Nf3 Nc6 3. Bc4 Nf6 4. d4 exd4 5. O-O Bc5 6. c3 d6 7. cxd4 Bb6 8. Bg5
h6 9. Bh4 g5 10. Bg3 Nh5 11. Nc3 Bg4 12. h3 Nxg3 13. fxg3 Bxd4+ 14. Nxd4 Bxd1
15. Bxf7+ Kf8 16. Ne6+ Ke7 17. Nd5+ Kd7 18. Nxd8 Nxd8 19. Raxd1 Rf8 20. Bh5 Nc6
21. Bg4+ 1-0

[Event "Reykjavik Open 2015"]
[Site "Reykjavik ISL"]
[Date "2015.03.17"]
[Round "9.123"]
[White "Fjallheim, Elmar"]
[Black "Starosciak, Adrian"]
[Result "1-0"]
[WhiteElo "1678"]
[BlackElo "1304"]
[WhiteFideId "7201095"]
[BlackFideId "1192140"]
[EventDate "2015.03.10"]

1. e4 e5 2. Nf3 Nc6 3. d4 exd4 4. Nxd4 Bc5 5. Nxc6 bxc6 6. Nc3 Nf6 7. Bd3 h6 8.
Na4 Qe7 9. Nxc5 Qxc5 10. O-O Bb7 11. b4 Qxb4 12. Bf4 O-O-O 13. Qe2 Qa4 14. Rfb1
Rde8 15. f3 Ba8 16. Ba6+ Kd8 17. Qd3 Ke7 18. Bxc7 Kf8 19. c3 Kg8 20. a3 Nd5 21.
exd5 Qh4 22. Bg3 Qf6 23. dxc6 Bxc6 24. Bb7 g6 25. Bxc6 Qxc6 26. Rd1 Re7 27. Qd6
Re3 28. Qxc6 dxc6 29. Bf2 Rxc3 30. Bd4 1-0

[Event "Reykjavik Open 2015"]
[Site "Reykjavik ISL"]
[Date "2015.03.17"]
[Round "9.124"]
[White "Gasanova, Ulker"]
[Black "Chadwick, Susan E"]
[Result "0-1"]
[WhiteElo "1645"]
[BlackElo "1370"]
[WhiteFideId "2302055"]
[BlackFideId "407305"]
[EventDate "2015.03.10"]

1. e4 c5 2. Nf3 d6 3. d4 cxd4 4. Nxd4 Nf6 5. Nc3 a6 6. Be2 g6 7. Be3 b5 8. a3
Bb7 9. f3 Bg7 10. Qd2 Nbd7 11. O-O-O Rc8 12. Bh6 Bxh6 13. Qxh6 Rxc3 14. bxc3 Qc7
15. Kb2 Nb6 16. Kb3 Na4 17. Nxb5 Nc5+ 18. Ka2 axb5 19. Bxb5+ Bc6 20. Bxc6+ Qxc6
21. Rb1 Kd7 22. Rhd1 Na4 23. Rd3 Nxc3+ 24. Rxc3 Qxc3 25. Rb2 Rc8 26. Qh3+ Kd8
27. Qh6 Qc4+ 28. Ka1 Qf1+ 29. Ka2 Qxg2 30. Qf8+ Ne8 31. Qxf7 Rxc2 32. Qb3 Rxb2+
33. Qxb2 Qxb2+ 34. Kxb2 Nc7 35. Kb3 e5 36. a4 Kc8 37. Kc4 Kd7 38. a5 Kc6 39. h3
Kb7 40. Kb4 Ka6 41. h4 h6 42. Ka4 d5 43. exd5 Nxd5 44. Kb3 Nf6 45. Kc4 Kxa5 46.
Kd3 Kb5 47. Ke3 Kc5 48. Kf2 Kd4 49. Kg3 Ke3 50. Kg2 Kf4 51. Kf2 e4 52. fxe4
Nxe4+ 53. Kg2 0-1

[Event "Reykjavik Open 2015"]
[Site "Reykjavik ISL"]
[Date "2015.03.17"]
[Round "9.125"]
[White "Davidsson, Stefan Orri"]
[Black "Thoroddsen, Arni"]
[Result "0-1"]
[WhiteElo "1038"]
[BlackElo "1611"]
[WhiteFideId "2311399"]
[BlackFideId "2309203"]
[EventDate "2015.03.10"]

1. e4 e6 2. d4 c5 3. c3 Qa5 4. Nf3 cxd4 5. Nxd4 Nf6 6. Bd3 Nc6 7. O-O Bd6 8. f4
Bc5 9. Be3 Qb6 10. Qb3 Ng4 11. Qxb6 Bxb6 12. Bc1 Nxd4 13. cxd4 Bxd4+ 14. Kh1
Nf2+ 15. Rxf2 Bxf2 16. Bd2 O-O 17. Bb4 Rd8 18. Nc3 d6 19. Rf1 Bc5 20. Bxc5 dxc5
21. Bb5 Bd7 22. Bc4 Bc6 23. Re1 a6 24. Kg1 Rd2 25. b3 b5 26. Bf1 Rad8 0-1

[Event "Reykjavik Open 2015"]
[Site "Reykjavik ISL"]
[Date "2015.03.17"]
[Round "9.126"]
[White "Finnsson, Johann Arnar"]
[Black "Lemery, Jon Thor"]
[Result "1-0"]
[WhiteElo "1491"]
[BlackElo "1273"]
[WhiteFideId "2308240"]
[BlackFideId "2313499"]
[EventDate "2015.03.10"]

1. e4 e5 2. Nf3 Nc6 3. Bb5 a6 4. Ba4 b5 5. Bb3 Nf6 6. O-O Bc5 7. c3 O-O 8. d4
Bb6 9. Bg5 Re8 10. Bd5 Ra7 11. Qb3 Na5 12. Qc2 d6 13. b4 Nc4 14. Nbd2 Be6 15.
Bxe6 fxe6 16. Nxc4 bxc4 17. dxe5 dxe5 18. Nxe5 Qd6 19. Nxc4 Qc6 20. Bxf6 gxf6
21. Nxb6 cxb6 22. Rfd1 Rg7 23. f3 Rf8 24. Qd3 b5 25. Rac1 Kh8 26. Qd6 Qa8 27.
Qxe6 Qa7+ 28. Rd4 Rgg8 29. Rd1 Qg7 30. R1d2 Qg5 31. R4d3 h5 32. Qf5 Qh6 33. Kf2
Rg5 34. Qh3 Rg7 35. Rd5 Rh7 36. Qe6 Rg7 37. Qxa6 h4 38. Qxb5 f5 39. exf5 Qg5 40.
Kf1 Qf4 41. f6 Rh7 42. Rd8 Qxf6 43. Rxf8+ Qxf8 44. Qe5+ Rg7 45. Qh5+ Rh7 46. Qg5
Re7 47. Qxh4+ Kg8 48. Qg5+ Kh7 49. Rd5 Kh8 50. Rf5 Qd8 51. Qh6+ Kg8 52. Rg5+ Kf7
53. Rg7+ Ke8 54. Rg8+ 1-0

[Event "Reykjavik Open 2015"]
[Site "Reykjavik ISL"]
[Date "2015.03.17"]
[Round "9.127"]
[White "Paillat, Cecile"]
[Black "Kristofersson, Sindri Snaer"]
[Result "1-0"]
[WhiteElo "1485"]
[BlackElo "1224"]
[WhiteFideId "26035812"]
[BlackFideId "2310732"]
[EventDate "2015.03.10"]

1. d4 Nf6 2. Nf3 e6 3. e3 c5 4. b3 Nc6 5. Bd3 d5 6. Bb2 b6 7. Nbd2 Bd6 8. Ne5
Bxe5 9. dxe5 Nd7 10. f4 Qh4+ 11. g3 Qh6 12. Nf3 f6 13. Qd2 O-O 14. O-O-O fxe5
15. Nxe5 Ndxe5 16. fxe5 d4 17. exd4 Qxd2+ 18. Rxd2 cxd4 19. Be4 Bb7 20. Bxc6
Bxc6 21. Re1 Rf5 22. Bxd4 Rd8 23. Bc3 Rxd2 24. Bxd2 Rf2 25. h4 Rf3 26. Bf4 Kf7
27. Rd1 Bd5 28. Kb2 Kg6 29. c4 Rf2+ 30. Rd2 Rxd2+ 31. Bxd2 Be4 32. Kc3 Kf5 33.
Kd4 h6 34. a3 h5 35. b4 g6 36. c5 bxc5+ 37. bxc5 Bc6 38. Bf4 a6 39. Kc4 Ke4 40.
Kb4 Kd5 41. Ka5 Kxc5 42. Kxa6 Kc4 43. Kb6 Bd7 44. Kc7 1-0